000 00300nam a2200121Ia 4500
008 190722s9999 xx 000 0 und d
020 _a978-93-325-5521-1
100 _aCarol Harvey
245 0 _aUnderstanding and Managing Diversity
260 _aIndia
_bPearson
_c2015
300 _a400
942 _cBK
999 _c771
_d771